[Event "Uljanovsk op"]
[Site "Uljanovsk"]
[Date "2009.08.26"]
[Round "1"]
[White "Tsai, Roman"]
[Black "Arslanov, Ildar"]
[Result "1/2-1/2"]
[WhiteElo "1890"]
[BlackElo "2169"]
[PlyCount "81"]
[EventDate "2009.08.26"]
[EventType "swiss"]
[EventRounds "9"]
[EventCountry "RUS"]
[SourceTitle "CBM 132 Extra"]
[Source "ChessBase"]
[SourceDate "2009.11.03"]
[SourceVersion "1"]
[SourceVersionDate "2009.11.03"]
[SourceQuality "1"]

1. e4 c5 2. Nf3 e6 3. d4 cxd4 4. Nxd4 d6 5. Be3 Nf6 6. Nd2 Nc6 7. c3 Be7 8. Bd3 0-0 9. h3 e5 10. N4f3 d5 11. exd5 Nxd5 12. Nc4 Be6 13. 0-0 Nxe3 14. Nxe3 f5 15. Bc4 Bxc4 16. Nxc4 Qxd1 17. Rfxd1 e4 18. Nd4 Nxd4 19. Rxd4 Rfd8 20. Rad1 Rxd4 21. Rxd4 Kf7 22. Ne3 Ke6 23. Kf1 Rc8 24. Ke2 b5 25. f3 Bc5 26. Rd1 g5 27. h4 exf3+ 28. Kxf3 gxh4 29. Nd5 Bd6 30. Ne3 Rg8 31. Nxf5 Rf8 32. Rxd6+ Kxf5 33. Rd4 Kg5+ 34. Ke2 a6 35. a4 Rf5 36. axb5 Rxb5 37. b4 a5 38. bxa5 Rxa5 39. c4 Ra1 40. Kf3 Rf1+ 41. Ke2 1/2-1/2

[Event "Uljanovsk-ch"]
[Site "Uljanovsk"]
[Date "2009.03.20"]
[Round "7"]
[White "Arslanov, Ildar"]
[Black "Naumetov, Robert"]
[Result "0-1"]
[WhiteElo "2176"]
[BlackElo "1937"]
[PlyCount "46"]
[EventDate "2009.03.14"]
[EventType "swiss"]
[EventRounds "9"]
[EventCountry "RUS"]
[SourceTitle "EXT 2010"]
[Source "ChessBase"]
[SourceDate "2010.11.25"]
[SourceVersion "1"]
[SourceVersionDate "2010.11.25"]
[SourceQuality "1"]

1. c4 c5 2. Nf3 Nf6 3. Nc3 Nc6 4. d4 cxd4 5. Nxd4 e6 6. g3 Be7 7. Bg2 0-0 8. 0-0 Qa5 9. Ndb5 a6 10. Nd6 Qc5 11. Bf4 Nh5 12. Na4 Qa5 13. Bd2 Qc7 14. Nxc8 Raxc8 15. c5 d6 16. Bb4 dxc5 17. Nxc5 Rfd8 18. Rc1 Qb6 19. a3 Nf6 20. e3 Nd5 21. Qg4 Ne5 22. Qh5 Bf6 23. Ne4 Nc4 0-1

[Event "Uljanovsk-ch"]
[Site "Uljanovsk"]
[Date "2009.03.14"]
[Round "1"]
[White "Arslanov, Ildar"]
[Black "Marizina, Yulia"]
[Result "1-0"]
[WhiteElo "2176"]
[BlackElo "1720"]
[PlyCount "65"]
[EventDate "2009.03.14"]
[EventType "swiss"]
[EventRounds "9"]
[EventCountry "RUS"]
[SourceTitle "EXT 2010"]
[Source "ChessBase"]
[SourceDate "2010.11.25"]
[SourceVersion "1"]
[SourceVersionDate "2010.11.25"]
[SourceQuality "1"]

1. c4 e5 2. Nc3 Nf6 3. g3 Nc6 4. Bg2 Bc5 5. e3 d6 6. Nge2 Bg4 7. h3 Bf5 8. d4 exd4 9. exd4 Bb6 10. Be3 Nd7 11. 0-0 Rb8 12. Nd5 0-0 13. b4 a6 14. g4 Bg6 15. c5 Ba7 16. Qd2 Re8 17. Ng3 dxc5 18. bxc5 Nf8 19. f4 Ne7 20. Nxe7+ Qxe7 21. Rfe1 f6 22. f5 Bf7 23. Bf4 Qd8 24. Rxe8 Bxe8 25. g5 Nd7 26. Kh2 fxg5 27. Bxg5 Nf6 28. Ne4 Nxe4 29. Bxe4 Qd7 30. Rg1 Bf7 31. Bh6 Kf8 32. Rxg7 Re8 33. Rxh7+ 1-0